Statistiques concernant Personnes célèbres d'Occitanie

Cliquez ici pour prendre le quiz!

Statistiques générales

  • Ce quiz a été pris 97 fois
  • Le résultat moyen est 6 sur 14

Statistiques - réponses

IndiceVille d'originePersonnalité% Correct
Chanteur des "copains d'abord" à la moustache fameuseSèteGeorges Brassens
90%
"C'est en faisant n'importe quoi qu'il est devenu n'importe qui"MontpellierRémi Gaillard
57%
Cuisinier populaire de télévision propriétaire de grands restaurants étoilésRodezCyril Lignac
53%
Chanteuse chocolat d'origine espagnoleCarcassonneOlivia Ruiz
52%
"Piccolo" auteur des "Lettres de mon moulin"NîmesAlphonse Daudet
49%
Militaire gascon popularisé par les romans feuilletons d'un célèbre DumasLupiacD'artagnan
49%
Femme de lettre et militante pour les droits civils et politiques des femmes du XVIIIème siècleMontaubanOlympe de Gouges
42%
Autrice de "Bonjour Tristesse" à 18 ansCajarcFrançoise Sagan
38%
Peintre tout en noirRodezPierre Soulages
37%
Sainte canonisée en 1933 qui aurait été témoin de 18 apparitions à la grotte de MassabielleLourdesBernadette Soubirous
33%
Quintuple champion du monde de nage spécialisé dans les épreuves de dosNarbonneCamille Lacourt
28%
Président du conseil échappé de Paris en ballon après la défaite de 1870CahorsLéon Gambetta
21%
Chanteuse inspirée par les musiques du monde et ne quittant jamais son célèbre col ClaudineToulouseJain
19%
Poète, romancier, critique d'art auteur du "Roman de la momie"TarbesThéophile Gautier
13%

Distribution des résultats

Percentile par nombre de réponses

% des personnes avec chaque résultat

Votre développement - résultats

Vous n’avez pas pris ce quiz